00860nam a22002537a 4500003000900000008004100009040007100050082001700121100001800138245003000156260002600186300004500212505013500257650002800392650001400420650001800434650002900452650002300481700001700504700001900521700002000540700002100560700002500581AR-CdUCM190225b ||||| |||| 00| 0 spa d aMUNICIPALIDAD PROVINCIAL DEL CUSCOcBIBLIOTECA MUNICIPAL DEL CUSCO a372.5 /bM61 aMeyer, Roger  aEducación por el arte / aLima :bInide,c1982. a231 paginas ;b15 ilustraciones.c21 cm, aArtes plásticas -- Música -- Arte dramático -- Orientaciones didácticas especificas -- Naturaleza del arte dramático ... aEducación artística aCurriculo aMetodología aIntroducción y estudio aPlanes y programas aMeyer, Roger aSchlegel, Rolf aFernandez, Hugo aFalconi R.Emilia aMoscoso C. Margarita